[Event "World School-ch U13 Girls"]
[Site "Rhodes"]
[Date "2023.04.20"]
[Round "7"]
[White "Zarkym, Ailin"]
[Black "Sodgerelt, Naranbold"]
[Result "0-1"]
[WhiteElo "1581"]
[BlackElo "1148"]
[PlyCount "62"]
[EventDate "2023.04.14"]
[EventType "swiss"]
[EventRounds "9"]
[EventCountry "GRE"]
[SourceTitle "EXT 2024"]
[Source "ChessBase"]
[SourceDate "2023.10.10"]
[SourceVersion "1"]
[SourceVersionDate "2023.10.10"]
[SourceQuality "1"]

1. e4 c5 2. Nf3 d6 3. d4 cxd4 4. Nxd4 Nf6 5. Nc3 a6 6. Bg5 e6 7. f4 h6 8. Bh4 Be7 9. Qf3 Nbd7 10. 0-0-0 Qc7 11. Be2 b5 12. Rhf1 b4 13. Nb1 Bb7 14. Bxf6 Bxf6 15. Qe3 Rc8 16. Rd2 Nc5 17. Bf3 Qa5 18. a3 Qb6 19. Kd1 bxa3 20. Nxa3 Na4 21. b3 Nc3+ 22. Kc1 Qb4 23. Kb2 e5 24. fxe5 Bg5 25. Qf2 Bxd2 26. Bh5 0-0 27. Bxf7+ Kh8 28. Qxd2 Na4+ 29. Kc1 Qxa3+ 30. Kd1 Qa1+ 31. Ke2 Nc3+ 0-1

[Event "Wch U12 Girls"]
[Site "Batumi"]
[Date "2022.09.27"]
[Round "11"]
[White "Zarkym, Ailin"]
[Black "Assylkhan, Asiya"]
[Result "0-1"]
[WhiteElo "1376"]
[BlackElo "1424"]
[PlyCount "106"]
[EventDate "2022.09.16"]
[EventType "swiss"]
[EventRounds "11"]
[EventCountry "GEO"]
[SourceTitle "EXT 2023"]
[Source "ChessBase"]
[SourceDate "2022.10.05"]
[SourceVersion "1"]
[SourceVersionDate "2022.10.05"]
[SourceQuality "1"]

1. e4 c6 2. d4 d5 3. Nc3 dxe4 4. Nxe4 Bf5 5. Nc5 Nd7 6. Nxb7 Qb6 7. Nc5 Nxc5 8. dxc5 Qxc5 9. c3 Nf6 10. Be3 Qd5 11. Nf3 g6 12. Be2 Bg7 13. Nd4 Bd7 14. Bf3 Ne4 15. Qc2 f5 16. Rd1 Qxa2 17. Bxe4 fxe4 18. Qxe4 Qd5 19. Qxd5 cxd5 20. Ne2 e6 21. Bc5 Kf7 22. 0-0 Rhc8 23. Ba3 Bb5 24. Rfe1 Bxe2 25. Rxe2 Rc6 26. Rd3 d4 27. g3 dxc3 28. bxc3 Bxc3 29. Rc2 Rac8 30. Rd7+ Kg8 31. Rxa7 Bd4 32. Rxc6 Rxc6 33. Rd7 e5 34. Rd8+ Kg7 35. Rd7+ Kg8 36. Rd8+ Kg7 37. Rd7+ Kf6 38. Rxh7 Rc2 39. Rh8 Bxf2+ 40. Kf1 Bd4 41. Bb4 Rf2+ 42. Ke1 Rb2 43. Bd2 Kf5 44. Rh4 e4 45. Rf4+ Ke5 46. Rf8 Kd5 47. Re8 Bg1 48. h3 Kd4 49. Rd8+ Kc4 50. Re8 Kd3 51. Rd8+ Bd4 52. Rxd4+ Kxd4 53. Bg5 Kd3 0-1

[Event "Wch U12 Girls"]
[Site "Batumi"]
[Date "2022.09.20"]
[Round "5"]
[White "Beber, Anja"]
[Black "Zarkym, Ailin"]
[Result "1/2-1/2"]
[WhiteElo "1674"]
[BlackElo "1376"]
[PlyCount "85"]
[EventDate "2022.09.16"]
[EventType "swiss"]
[EventRounds "11"]
[EventCountry "GEO"]
[SourceTitle "EXT 2023"]
[Source "ChessBase"]
[SourceDate "2022.10.05"]
[SourceVersion "1"]
[SourceVersionDate "2022.10.05"]
[SourceQuality "1"]

1. Nf3 Nf6 2. c4 g6 3. g3 Bg7 4. Bg2 0-0 5. d4 d5 6. cxd5 Nxd5 7. Nc3 Nxc3 8. bxc3 c5 9. 0-0 Bg4 10. Ba3 Nd7 11. h3 Bxf3 12. Bxf3 Qc7 13. Rb1 Rab8 14. Qa4 b6 15. Rfd1 Nf6 16. Qc4 Rfc8 17. dxc5 bxc5 18. Rb3 Rxb3 19. axb3 Nd7 20. Qb5 Ne5 21. Rd5 Rb8 22. Qxc5 Qxc5 23. Rxc5 h5 24. Bb4 e6 25. Ra5 Nxf3+ 26. exf3 Rc8 27. Rxa7 Bxc3 28. Bxc3 Rxc3 29. b4 Rxf3 30. b5 Rb3 31. Rb7 g5 32. Kf1 Rb2 33. b6 f5 34. Ke1 g4 35. h4 e5 36. Rb8+ Kg7 37. b7 f4 38. Kd1 fxg3 39. fxg3 e4 40. Kc1 Rb5 41. Kc2 e3 42. Kd3 Rb3+ 43. Ke2 1/2-1/2

[Event "Wch U12 Girls"]
[Site "Batumi"]
[Date "2022.09.19"]
[Round "4"]
[White "Zarkym, Ailin"]
[Black "Shreya, G Hipparagi"]
[Result "0-1"]
[WhiteElo "1376"]
[BlackElo "1574"]
[PlyCount "100"]
[EventDate "2022.09.16"]
[EventType "swiss"]
[EventRounds "11"]
[EventCountry "GEO"]
[SourceTitle "EXT 2023"]
[Source "ChessBase"]
[SourceDate "2022.10.05"]
[SourceVersion "1"]
[SourceVersionDate "2022.10.05"]
[SourceQuality "1"]

1. e4 e5 2. Nc3 Nc6 3. g3 Bc5 4. Bg2 Nf6 5. Nge2 0-0 6. 0-0 d6 7. d3 Be6 8. Nd5 Bxd5 9. exd5 Nd4 10. Nxd4 Bxd4 11. c3 Bb6 12. h3 Nd7 13. a4 a5 14. Kh2 f5 15. f4 Qe7 16. Qc2 Rae8 17. fxe5 dxe5 18. b3 e4 19. dxe4 fxe4 20. Bf4 g5 21. Bxg5 Qxg5 22. Bxe4 Nf6 23. Rf5 Qg7 24. Bf3 Nd7 25. Bh5 Rxf5 26. Qxf5 Re5 27. Qf3 Nf6 28. Bg4 Nxg4+ 29. hxg4 Re3 30. Qf4 Qe5 31. Qxe5 Rxe5 32. c4 Re3 33. Rb1 Bc5 34. Kg2 Bd6 35. Kf2 Rc3 36. Rb2 Kf7 37. Ke1 Rxg3 38. Kd1 Rxg4 39. Rf2+ Kg6 40. Re2 h5 41. Re8 Kf5 42. Rh8 h4 43. Ke2 Rg2+ 44. Kf1 Rh2 45. Kg1 Kg4 46. c5 Bg3 47. Rg8+ Kh3 48. Rf8 Rd2 49. c6 bxc6 50. dxc6 Rc2 0-1

[Event "Eastern Asia-ch U10 Girls"]
[Site "Tornelo INT"]
[Date "2021.10.24"]
[Round "9"]
[White "Sandeepa, Priyadarshini Sahoo"]
[Black "Zarkym, Ailin"]
[Result "0-1"]
[WhiteElo "1154"]
[BlackElo "1255"]
[PlyCount "106"]
[EventDate "2021.10.22"]
[EventType "swiss"]
[EventRounds "9"]
[EventCountry "NET"]
[SourceTitle "EXT 2023"]
[Source "ChessBase"]
[SourceDate "2022.10.05"]
[SourceVersion "1"]
[SourceVersionDate "2022.10.05"]
[SourceQuality "1"]

1. e4 e6 2. d4 d5 3. exd5 exd5 4. Nf3 Nc6 5. Bd3 Bd6 6. c3 Nge7 7. Be3 Bg4 8. Nbd2 Qd7 9. Qc2 0-0-0 10. 0-0-0 f6 11. h3 Bf5 12. Bxf5 Nxf5 13. Rde1 Rhe8 14. Qd3 g5 15. Nb3 Re7 16. Bd2 Rde8 17. Rxe7 Rxe7 18. Re1 Rxe1+ 19. Nxe1 Nce7 20. g4 Nh4 21. Qxh7 Qe6 22. Qd3 Neg6 23. Qe3 Qf7 24. Nf3 Ng2 25. Qd3 N2f4 26. Qf5+ Kb8 27. Nxg5 Qe7 28. Nf3 a6 29. Qc2 Qe2 30. Bxf4 Bxf4+ 31. Nfd2 Qe1+ 32. Qd1 Qxf2 33. Qh1 c6 34. Kd1 Bxd2 35. Nxd2 Nf4 36. Qe1 Nxh3 37. Qe2 Qf4 38. Qg2 Nf2+ 39. Kc2 Nxg4 40. Qe2 Qf5+ 41. Kb3 Ka7 42. Qe7 Qc8 43. Qc5+ Ka8 44. Qb6 f5 45. Nf3 f4 46. Qc5 Nf6 47. Qd6 Nh5 48. Qe5 Qg4 49. Qe8+ Ka7 50. Nd2 Qd1+ 51. Kb4 Qxd2 52. Qxh5 Qxb2+ 53. Kc5 Qa3# 0-1

[Event "Wch U08 Girls"]
[Site "Weifang"]
[Date "2019.08.30"]
[Round "9"]
[White "Zarkym, Ailin"]
[Black "Azjargal, Chinzorigt"]
[Result "0-1"]
[WhiteElo "1037"]
[BlackElo "1306"]
[PlyCount "104"]
[EventDate "2019.08.21"]
[EventType "swiss"]
[EventRounds "11"]
[EventCountry "CHN"]
[SourceTitle "EXT 2020"]
[Source "ChessBase"]
[SourceDate "2019.10.17"]
[SourceVersion "1"]
[SourceVersionDate "2019.10.17"]
[SourceQuality "1"]

1. e4 c5 2. Nc3 d6 3. f4 g6 4. Nf3 Bg7 5. Bc4 Nc6 6. 0-0 e6 7. d3 Nge7 8. Qe1 0-0 9. f5 gxf5 10. Qh4 fxe4 11. Ng5 h6 12. Nh3 exd3 13. Bxh6 Ng6 14. Qh5 Qh4 15. Qxh4 Nxh4 16. Bxg7 Kxg7 17. Bxd3 e5 18. Ng5 f6 19. Nh7 Rf7 20. Bc4 Kxh7 21. Bxf7 Kg7 22. Bc4 Bd7 23. Rad1 Nd4 24. Ne4 Bc6 25. c3 Bxe4 26. cxd4 cxd4 27. Bd3 Bxg2 28. Rf2 Bd5 29. Rc1 Bc6 30. b4 a6 31. a4 e4 32. Be2 d3 33. Bg4 e3 34. Rb2 d2 35. Ra1 Nf3+ 36. Kg2 Ne5+ 37. Kg3 Nd3 38. Rb3 Nf2 39. Rxe3 Nxg4 40. Kxg4 Bxa4 41. Rd3 d1Q+ 42. Rdxd1 Bxd1+ 43. Rxd1 Rd8 44. Rd5 Kf7 45. Kf5 Ke7 46. h4 Rh8 47. Rd4 a5 48. Rg4 Kf7 49. Re4 Rh5+ 50. Kf4 Rxh4+ 51. Ke3 Rxe4+ 52. Kxe4 axb4 0-1